Los derechos de los animales en serio

Bibliographic Details
Main Author: Rey Přez, Jos ̌Luis
Format: eBook
Language:Spanish
Published: Madrid: Dykinson, 2018
Subjects:
Online Access:Acceso restringido

MARC

LEADER 00000nam a22000007a 4500
005 20190416215544.0
007 cr|||| ||||
008 190416s2018 es |||||s|||| 00||0 spa d
020 |a 978-84-1324-131-9 
035 |a 23300 
040 |a vLex 
090 |c 8639  |d 8639 
100 1 |a Rey Přez, Jos ̌Luis 
245 1 3 |a Los derechos de los animales en serio  |h [Recurso electrn̤ico] /  |c Jos ̌Luis Rey Přez 
256 |a Servicio en ln̕ea 
260 |a Madrid:  |b Dykinson,  |c 2018 
300 |a 1 recurso electrn̤ico 
500 |a En los l︢timos aǫs, entre la opinin̤ pb︢lica se ha extendido la idea de que es necesario poner freno a muchas tradiciones y prc̀ticas que implican el sufrimiento animal. Estas reivindicaciones en ocasiones se han hecho demandando un aumento de la regulacin̤ y, en otras, defendiendo la abolicin̤ de la relacin̤ entre los animales humanos y no humanos porque los primeros siempre explotan a los segundos. El třmino ±derechos de los animales» ha comenzado a utilizarse en el discurso social y polt̕ico, siendo muchas veces discutido por parte de los juristas que entienden que sin agencia y subjetividad moral difc̕ilmente alguien puede ser titular de derechos, sino ms̀ bien receptor de determinados deberes. En otros casos, los que han utilizado la expresin̤ derechos de los animales se refera̕n a derechos morales y no a derechos jurd̕icos, faltando un anl̀isis legal detallado acerca de cm̤o plasmar esas reivindicaciones morales en normas jurd̕icas efectivas. El presente volumen pretende colmar en parte esa laguna. Por un lado, se defiende que los animales son miembros de la comunidad moral en tanto que estǹ dotados tanto de moral como estructura como de moral como contenido y son capaces de aprender y obedecer (y desobedecer) determinadas reglas. A partir de ah,̕ se entiende que son las comunidades polt̕icas las que reconocen derechos jurd̕icos a sus miembros y, en este sentido, no todos los animales pertenecen a las mismas comunidades polt̕icas, como Sue Donaldson y Will Kymlicka explicaron con detalle en Zoopolis (2011). Este libro repasa los derechos de ciudadana̕ que tendra̕n que tener reconocidos los animales que forman parte de nuestras comunidades polt̕icas, derechos que no solo son de libertad, sino que alcanzan tambiň a los derechos sociales y los derechos polt̕icos, analizando cuestiones como la ganadera̕ industrial, la alimentacin̤ o el uso de pieles. Tomarse en serio los derechos de los animales significa otorgarles la condicin̤ de ciudadanos con iguales derechos que los que los ciudadanos humanos ya disfrutamos. 
506 1 |a Disponible solo en los productos indicados  |d vLex Global  |d vLex Global (Academic Edition, excluding Law Schools)  |d vLex Global (U.S. Academic Edition, Law Schools)  |d vLex Global (U.S. Academic Edition, excluding Law Schools)  |d vLex Global (Academic Edition, Law Schools) 
650 0 4 |a Derecho Militar  |z Espaą 
740 0 |a vLex Libros (Servicio en ln̕ea) 
856 4 0 |u http://vlex.com/source/derechos-de-los-animales-en-serio-23300  |z Acceso restringido 
942 |c BOOK 
999 0 |a Military Law